| 000 | 00851nam a2200253Ia 4500 | ||
|---|---|---|---|
| 003 | OSt | ||
| 005 | 20221005113333.0 | ||
| 006 | a|||||r|||| 00| 0 | ||
| 007 | ta | ||
| 008 | 221004b |||||||| |||| 00| 0 pan d | ||
| 020 | _cIndian Rupees 300 | ||
| 024 | _a39429 | ||
| 037 |
_bGift, 18/09/2018, _cTextual |
||
| 040 |
_aCRL _cCRL _bpan |
||
| 041 |
_2pan _apan |
||
| 082 | _aQ8441:21:g, 153Q6 | ||
| 100 | _aਸਿੰਘ, ਪ੍ਰਿਤਪਾਲ, ਥਦ. | ||
| 245 | 0 | _aਗੁਰਮਤਿ ਚਿੰਤਨ | |
| 260 |
_aਪਟਿਆਲਾ _bਪੈਪਸੂ ਪਬਲੀਕੇFਨਗ਼ ਭਾਰਤ _c2016 |
||
| 300 |
_a128ਪ0 _ccm. |
||
| 650 |
_aਸਿੱਖ ਧਰਮ _9156314 |
||
| 942 |
_hQ8441:21:g, 153Q6 _cTEXL _2cc |
||
| 999 |
_c1027845 _d1027845 |
||